|
|
|
|
| LEADER |
00000nam0a2200000 4500 |
| 001 |
272901 |
| 005 |
20231101234559.0 |
| 020 |
|
|
|a RU
|b 87-68451
|
| 035 |
|
|
|a (RuTPU)RU\TPU\book\296110
|
| 090 |
|
|
|a 272901
|
| 100 |
|
|
|a 20141022d1987 k y0rusy5003 ca
|
| 101 |
1 |
|
|a rus
|c hun
|
| 102 |
|
|
|a RU
|
| 105 |
|
|
|a a z 001zy
|
| 200 |
1 |
|
|a Методология рационализации
|e пер. с венг.
|f Я. Шушански
|
| 210 |
|
|
|a Москва
|c Экономика
|d 1987
|
| 215 |
|
|
|a 248 с.
|c ил.
|
| 320 |
|
|
|a Библиогр.: с. 244-245
|
| 606 |
1 |
|
|a Изобретательство и рационализация
|2 stltpush
|3 (RuTPU)RU\TPU\subj\12295
|9 39106
|
| 610 |
1 |
|
|a методология
|
| 610 |
1 |
|
|a системный подход
|
| 610 |
1 |
|
|a процесс
|
| 610 |
1 |
|
|a организация
|
| 610 |
1 |
|
|a инновации
|
| 610 |
1 |
|
|a система управления
|
| 610 |
1 |
|
|a классификация
|
| 610 |
1 |
|
|a методы
|
| 610 |
1 |
|
|a квалификация
|
| 610 |
1 |
|
|a повышение
|
| 675 |
|
|
|a 608
|z rus
|v 3
|
| 700 |
|
1 |
|a Шушански
|b Я.
|g Янош
|4 070
|
| 801 |
|
0 |
|a RU
|b RuMRKP
|c 19950417
|g psbo
|
| 801 |
|
1 |
|a RU
|b 63413507
|c 20141022
|
| 801 |
|
2 |
|a RU
|b 63413507
|c 20170118
|g RCR
|
| 942 |
|
|
|c BK
|